Secesnú vilu zrovnali so zemou Košičanku to pobúrilo. Vyrastú tam potraviny aj byty

Bibliographic Details
Main Author: Macko, Boris (Author)
Format: Article
Language:Slovak
Subjects:
Online Access:https://kosice.korzar.sme.sk/c/20761932/secesnu-vilu-v-kosiciach-zburali-pamiatkari-hovoria-o-ukazke-zlyhania.html

MARC

LEADER 00000nab a2200000 4500
001 vtls011745256
003 SK-MaSNL
005 20260303082352.0
008 180308c2018 xo dr|p||| |0 b|slo
038 |a KEVKJB 
040 |a KEVKJB  |b slo  |c KEVKJB  |e rda 
041 0 |a slo 
044 |a xo  |c SK 
080 |a 728.37  |2 2011 
100 1 |a Macko, Boris  |4 aut  |9 857682 
245 1 0 |a Secesnú vilu zrovnali so zemou  |b Košičanku to pobúrilo. Vyrastú tam potraviny aj byty  |c Boris Macko 
300 |b Fotografie 
336 |a text  |b txt  |2 rdacontent 
337 |a bez média  |b n  |2 rdamedia 
338 |a zväzok  |b nc  |2 rdacarrier 
650 0 7 |a vily  |2 kevkjb 
650 0 7 |a historické budovy  |2 kevkjb  |9 31778 
650 0 7 |a demolácia stavieb  |2 kevkjb  |9 74821 
651 7 |a Košice (Slovensko)  |2 kevkjb  |9 18694 
651 7 |a Staré Mesto (Košice I, Slovensko)  |2 kevkjb  |9 160203 
773 0 |t Korzár  |g Roč. XXI., č. 3 (16.2.2018), s. 3  |x 2585-7355 
852 |a KEVKJB  |b KIS3GCP 
856 4 1 |u https://kosice.korzar.sme.sk/c/20761932/secesnu-vilu-v-kosiciach-zburali-pamiatkari-hovoria-o-ukazke-zlyhania.html 
999 |c 1787708  |d 1789638